Obálka Náhled e-knihy:
Epub
Pro půjčování e-knih musíte být přihlášeni.
Jak si půjčit online?

V srdci šumavských hvozdů /

Sedm krátkých napínavých povídek z nitra šumavské přírody, kniha o Šumavě, tvrdém životě tehdejší doby a životních hodnotách lidí. O tom, jak je život těžký, krutý a krásný zároveň.

Uloženo v:
Hlavní autor: Klostermann, Karel (Autor)
Médium: E-kniha
Jazyk:Czech
Vydáno: Praha : Artis, 2023
Tagy:
Žádné tagy
LEADER 01120nam a22002297i 4500
001 311863
007 ta
008 260601s2023 xr ||||| |||| 00| 0 cze d
020 |a 9990003700827 
044 |a xr 
100 1 |a  Klostermann, Karel  |4 aut 
245 1 0 |a V srdci šumavských hvozdů /  |c  Klostermann, Karel 
264 1 |a Praha :  |b Artis,  |c 2023 
300 |a 1 online zdroj (229 stran) 
336 |a text  |b txt  |2 rdacontent 
337 |a bez média  |b n  |2 rdamedia 
338 |a online zdroj  |b cr  |2 rdacarrier 
520 2 |a Sedm krátkých napínavých povídek z nitra šumavské přírody, kniha o Šumavě, tvrdém životě tehdejší doby a životních hodnotách lidí. O tom, jak je život těžký, krutý a krásný zároveň. 
910 |a RBIT002 
998 |d 370082  |a https://core.palmknihy.cz/api/books/370082/cover?rr3equ  |b https://core.palmknihy.cz/api/books/370082/cover/400?rr3equ  |c https://core.palmknihy.cz/api/books/370082/cover/50?rr3equ  |e 2099-12-01  |g 229  |i 9990003700827  |j https://core.palmknihy.cz/api/books/370082/preview.epub  |l   |q 49  |r 1  |s https://www.palmknihy.cz/kniha/370082  |t ebook  |y 2023  |z 1 
999 |d 311861